[Event "U.S. Girls Junior"]
[Site "?"]
[Date "2021.07.20"]
[Round "5"]
[White "Ulrich, Susanna"]
[Black "Wu, Rochelle"]
[Result "1-0"]
[WhiteElo "1974"]
[BlackElo "2138"]
[Annotator "Shlyakhtenko"]
[PlyCount "85"]
[EventDate "2021.07.17"]
[SourceTitle "CL October 2021"]
[SourceDate "2021.10.01"]
[SourceVersion "1"]
[SourceVersionDate "2021.10.01"]
[SourceQuality "1"]

{[%evp 0,85,25,26,18,-17,3,2,30,-14,0,-11,-4,-25,9,-26,16,40,5,-12,16,7,40,36,
14,-1,66,38,38,42,42,48,60,61,61,61,63,55,61,49,105,106,127,106,81,88,110,111,
116,116,123,114,114,121,133,134,125,139,149,149,137,138,287,300,303,173,204,
207,223,199,244,292,328,308,344,348,348,371,370,299,370,373,439,446,644,653,
684,686]} 1. d4 Nf6 2. c4 e6 3. Nc3 Bb4 4. Qc2 O-O 5. a3 Bxc3+ 6. Qxc3 d5 7.
Nf3 dxc4 8. Qxc4 b6 9. h4 $5 {This was Kasparov's idea, which he played twice
after his return in 2017. Coincidentally, both games were also played in...St.
Louis! White judges that her center is solid enough and starts probing for
kingside weaknesses.} c5 {The most natural reaction.} 10. dxc5 Ba6 11. Qc2 bxc5
12. h5 Nc6 $2 {A very serious mistake in an unfamiliar position. Weakening the
kingside dark squares like this is a huge commitment.} ({In the only previous
game to reach this position, black played the correct} 12... h6 $1 {but still
lost:} 13. g4 $1 {(the most energetic)} Nxg4 14. Rg1 f5 15. Bh3 Qe8 $2 (15...
Nc6 {was better, with an unclear position.}) 16. Bxg4 fxg4 17. Bxh6 $3 {
The only refutation, and a beautiful one.} Qxh5 18. Bxg7 Kxg7 19. Qe4 $18 {
1-0 (27) Sarkar,J (2366)-Park,E (2207) Charlotte 2021}) 13. h6 g6 {White has a
positional advantage because black lacks a dark-squared bishop to protect the
kingside, reminiscent of a Grunfeld gone wrong. This absence means that the
c5-pawn also becomes very weak. Thus, white is clearly better as long as she
manages to keep black's knights at bay and coordinate the pieces. Urlich
accomplishes all of these things with powerful play.} 14. Bg5 $1 {Of course
there is no sense in taking the c5-pawn without any development. White focuses
on developing the pieces first.} Qa5+ ({Black's situation is not improved by} 
14... Nd4 15. Nxd4 cxd4 16. Rh4 $1 {, targetting the d4-pawn and creating
ideas of Rf4.}) 15. Bd2 Qb6 16. e3 {Controlling the d4-square, which was the
only possible basis for black counterplay.} Bxf1 17. Kxf1 $1 {The correct
recapture. As we have seen, the rook will be activated via the fourth rank,
and white's king will be very safe on g1.} Rfd8 18. Rc1 Rac8 ({Nothing much is
changed by} 18... Rab8 19. Rh4 {and black cannot capture on b2 because of the
exchange of queens followed by Bc3.}) 19. Rh4 $1 {After great play in the
early middlegame, white is already virtually winning. All the pieces come into
play and white's positional advantages are still there.} e5 {Trying to create
counterplay with ...e4. There was little choice, as after other moves black
would have slowly been squeezed; but in the end black only creates more
weaknesses.} 20. Rc4 e4 21. Ng5 ({Even more accurate was} 21. Bc3 $1 exf3 22.
Bxf6 fxg2+ 23. Kg1 Rd6 24. Qc3 {with a won position.}) 21... Ne5 22. Rxc5 {
Black would be alright if not for this move, which shows another benefit of
h5-h6 -- black's back rank is permanently weak.} Rxc5 23. Qxc5 Qxb2 24. Qb4 $1
Qa2 25. Qd6 $1 {Good calculation. Black's pieces are pushed back.} Ned7 26. Qc7
$5 {Preparing to trade queens on c4, thereby eliminating all counterplay.} Re8
({or} 26... Rf8 27. Bb4 Re8 28. Qc4) 27. Qc4 Qxc4+ 28. Rxc4 {[#] Despite the
equal material, the endgame is completely winning for white. Black has four
weaknesses (a7, e4, f7, and h7) and no way to deal with them all.} Nb6 29. Rc7
Nfd7 30. Ba5 {With the trade on b6 white eliminates a defender and wins a pawn.
} (30. Rxa7 f6 {is less accurate.}) 30... Re5 31. Bxb6 Nxb6 32. Nxf7 {More
than sufficient.} ({But} 32. Rb7 $1 {was a bit nicer.}) 32... Rd5 33. Rxa7 Nc4
34. a4 Rf5 35. Nd8 Nxe3+ 36. Kg1 Ng4 37. Rg7+ Kf8 38. Ne6+ Ke8 39. Nc7+ {
White was very low on time and repeats moves to reach the time control.} Kd8
40. Ne6+ Ke8 41. Rxh7 Ra5 ({or} 41... Rxf2 42. Rh8+ Ke7 43. h7 Rc2 44. Rf8 $1)
42. Rh8+ Ke7 43. h7 {A great win to shake up the standings.} 1-0

[Event "Candidates qf2"]
[Site "Brussels"]
[Date "1991.??.??"]
[Round "2"]
[White "Kortschnoj, Viktor Lvovich"]
[Black "Timman, Jan H"]
[Result "0-1"]
[WhiteElo "2610"]
[BlackElo "2630"]
[Annotator "Watson"]
[PlyCount "104"]
[EventDate "1991.08.??"]
[EventType "match"]
[EventRounds "7"]
[EventCountry "BEL"]
[SourceTitle "CL October 2021"]
[SourceDate "2021.10.01"]
[SourceVersion "1"]
[SourceVersionDate "2021.10.01"]
[SourceQuality "1"]

1. c4 Nf6 2. Nc3 e6 3. e4 d5 4. e5 Ne4 5. Nf3 Be7 6. Qc2 $1 Ng5 $6 7. Nxg5 Bxg5
8. cxd5 exd5 9. d4 Be7 10. Be3 O-O 11. O-O-O Nc6 12. a3 Na5 13. Bd3 h6 {
[#] This game is from a Candidates match. Timman has played the opening poorly,
and White has both space and excellent kingside prospects.} 14. Qe2 {The idea
is simply Bc2 and Qd3. Timman ignores this and opts for activity at all costs:}
(14. f4 {with the idea f5 is also very promising.}) 14... b5 $1 15. Bc2 Rb8 $1
16. Qd3 g6 $1 {Sacrificing material. In fact,} (16... f5 17. exf6 Rxf6 18. Qh7+
Kf7 {isn't so bad, but White keeps the initiative.}) 17. Bxh6 b4 $1 18. axb4
Rxb4 19. Qg3 ({Timan doesn't even mention} 19. Bxf8 Bxf8 {in his notes. The
bishop pair will be extremely strong in attacking Black's king.}) 19... Bh4 20.
Qf4 c6 {With the idea of bringing Black's queen to bear against White's king.}
(20... c5 {was also possible.}) 21. Rde1 $2 (21. Bxf8 Bg5 $1 {is strong, but})
(21. Rd3 {was safer.}) 21... Be6 $1 22. Re3 c5 23. Bxf8 Bg5 $1 24. Qg3 Kxf8 25.
h4 Bh6 26. h5 {[#] White is happy to give back the exchange in order to
counterattack.} g5 $1 {Rejecting the rook, but now Black's king is completely
safe and he is free to pursue a powerful queenside attack.  [[Originally:]
With the king defended, Black's queenside threats grow. Both sides were in
time trouble.]]} 27. Na2 Rb8 (27... Rxd4 $1 {was objectively stronger, "but I
didn't want to lose any speed in the attack" (Timman).}) 28. dxc5 g4 29. Kb1
Nc4 $6 {What follows isn't perfect, but Black brings home the point:} (29... d4
$1) 30. Rb3 Nd2+ 31. Ka1 Nxb3+ 32. Bxb3 Qa5 33. Rd1 Qb5 $1 34. Rd3 Bf5 35. Rxd5
Qxb3 36. Qxb3 Rxb3 37. c6 Rd3 38. Nb4 Rxd5 39. Nxd5 Ke8 40. Nf6+ Kd8 41. f3
gxf3 42. gxf3 Be6 43. Ng8 Bf4 44. h6 Bxe5 45. h7 Kc7 46. f4 Bg7 47. Nh6 Kxc6
48. f5 Bb3 49. Kb1 Kd6 50. Ng4 Bd5 51. Nh6 Ke5 52. Kc2 Kf4 0-1

[Event "Tata Steel-B 74th"]
[Site "Wijk aan Zee"]
[Date "2012.01.19"]
[Round "5"]
[White "Timman, Jan H"]
[Black "Ernst, Sipke"]
[Result "1-0"]
[WhiteElo "2571"]
[BlackElo "2606"]
[Annotator "Watson"]
[PlyCount "65"]
[EventDate "2012.01.14"]
[EventType "tourn"]
[EventRounds "13"]
[EventCountry "NED"]
[EventCategory "15"]
[SourceTitle "CL October 2021"]
[SourceDate "2021.10.01"]
[SourceVersion "1"]
[SourceVersionDate "2021.10.01"]
[SourceQuality "1"]

1. c4 c6 2. Nf3 d5 3. g3 Nf6 4. Bg2 dxc4 5. O-O Nbd7 6. Qc2 Nb6 7. Na3 Qd5 8.
b3 cxb3 9. axb3 Be6 10. b4 Qb3 11. Qxb3 Bxb3 12. b5 c5 13. d3 {White is a pawn
down, but the power of his g2 bishop overrides all other considerations.} Nfd7
(13... Bd5 14. e4 Be6 15. Be3 Nfd7 16. d4 cxd4 17. Nxd4) 14. Nd2 Bd5 15. e4 Be6
16. f4 f6 {[#]} 17. e5 Bd5 18. e6 $1 Bxe6 19. Bxb7 Rb8 20. Bc6 g6 21. Nac4 Nc8
22. Ne4 Kf7 23. Ne5+ $1 Nxe5 (23... fxe5 24. Ng5+) 24. fxe5 Bf5 25. Nxc5 Bg7
26. d4 Rd8 27. Rxf5 $1 gxf5 28. e6+ Kg6 29. Nd7 Nd6 30. Nxb8 Rxb8 31. Rxa7 Nxb5
32. Rxe7 Bh6 33. Be8+ 1-0